000 00685nam a2200229Ia 4500
003 OSt
005 20220918175003.0
006 a|||||r|||| 00| 0
007 ta
008 220917b |||||||| |||| 00| 0 eng d
024 _a15,003
037 _cTextual
040 _aARTS
_cARTS
_beng
041 _2eng
_aeng
082 _aND44,9(Q2-4)k, N7
245 0 _aDictionary of Buddhist and Hindu iconography Illustrated
_b objects device concepts rites and related terms by Fedrick W Bunce
260 _aNew Delhi
_bD K Print World
_c1997
300 _axxviii,471p.
_ccm.
650 _aARTS
942 _hND44,9(Q2-4)k, N7
_cTEXL
_2CC
999 _c155460
_d155460